[Event "Gibraltar Masters 2020"]
[Site "Caleta ENG"]
[Date "2020.01.29"]
[Round "9.66"]
[White "Ladron De Guevara Pinto, Paolo"]
[Black "Pranav, Anand"]
[Result "1-0"]
[WhiteTitle "IM"]
[BlackTitle "FM"]
[WhiteElo "2445"]
[BlackElo "2309"]
[WhiteFideId "2290847"]
[BlackFideId "46626786"]
[EventDate "2020.01.21"]

1. e4 e5 2. Nf3 Nc6 3. Bb5 a6 4. Ba4 Nf6 5. d3 d6 6. Bd2 g6 7. O-O Bg7 8. Re1
O-O 9. h3 h6 10. c3 Nd7 11. Bc2 Nb6 12. a4 f5 13. exf5 Bxf5 14. a5 Nd7 15. Be3
Qf6 16. Nbd2 d5 17. d4 exd4 18. cxd4 Na7 19. Bb3 c6 20. Ne5 Nb5 21. f4 Nxe5 22.
dxe5 Qf7 23. Nf3 Be6 24. Rf1 Rfd8 25. Nd4 Nxd4 26. Bxd4 Rac8 27. Rc1 Bf8 28. Bb6
Rd7 29. g4 d4 30. Bc2 Bc4 31. Bxg6 Qxg6 32. Rxc4 c5 33. b4 d3 34. f5 Qg5 35. Qf3
d2 36. e6 d1=Q 37. Rxd1 Rxd1+ 38. Qxd1 Qe3+ 39. Kg2 Bd6 40. Qf3 Qd2+ 41. Kf1 Qa2
42. Qd3 Qa1+ 43. Kg2 Qe5 44. bxc5 Qh2+ 45. Kf1 Bg3 46. Qf3 Bh4 47. Re4 Qd2 48.
Re2 1-0

[Event "Gibraltar Masters 2020"]
[Site "Caleta ENG"]
[Date "2020.01.29"]
[Round "9.67"]
[White "Murzin, Volodar"]
[Black "De Haan, Eric"]
[Result "1-0"]
[WhiteTitle "IM"]
[BlackTitle "FM"]
[WhiteElo "2442"]
[BlackElo "2308"]
[WhiteFideId "44155573"]
[BlackFideId "1005006"]
[EventDate "2020.01.21"]

1. e4 c5 2. Nf3 e6 3. g3 d5 4. exd5 exd5 5. d4 Nc6 6. Bg2 Bg4 7. O-O cxd4 8.
Re1+ Be7 9. Nbd2 Nf6 10. Nb3 O-O 11. Nbxd4 Nxd4 12. Qxd4 Rc8 13. Qd3 Bc5 14. Be3
Qb6 15. Rab1 Rfe8 16. Bxc5 Qxc5 17. c3 Bh5 18. Qd4 Qa5 19. a3 Bg6 20. Rbd1 Be4
21. Qb4 Qc7 22. Nd4 Bxg2 23. Kxg2 Qd7 24. Qb5 Qc7 25. Re2 Rxe2 26. Qxe2 Re8 27.
Qc2 g6 28. Rd2 Qc4 29. f3 Re1 30. Re2 Rxe2+ 31. Qxe2 Qxe2+ 32. Nxe2 Kf8 33. Kf2
Ke7 34. Ke3 Kd6 35. Kd4 Nd7 36. Ke3 Ne5 37. b3 Nc6 38. g4 f6 39. a4 a5 40. h4 h6
41. h5 gxh5 42. gxh5 Ke5 43. f4+ Kf5 44. Kf3 Ke6 45. Kg4 f5+ 46. Kf3 Kd6 47. Ke3
Kc5 48. Kd3 b6 49. Ke3 Ne7 50. Nd4 Kd6 51. b4 Kd7 52. Kd3 Kd6 53. Nc2 Nc6 54. b5
Nd8 55. Nd4 Ne6 56. Nxf5+ Kc5 57. Ke3 Kc4 58. Nxh6 Ng7 59. Ng4 Nxh5 60. f5 Kxc3
61. f6 d4+ 62. Ke4 d3 63. f7 d2 64. Nf2 Nf6+ 65. Kf5 Nh7 66. Ne4+ Kb4 67. Nxd2
Kxa4 68. Kg6 Nf8+ 69. Kg7 Ne6+ 70. Kg8 Kxb5 71. Nf3 a4 72. Ng5 Nf8 73. Kxf8 a3
74. Ne4 Kc4 75. Nc3 Kxc3 76. Ke8 b5 77. f8=Q b4 78. Qc5+ Kb3 79. Qc1 a2 80. Kd7 1-0

[Event "Gibraltar Masters 2020"]
[Site "Caleta ENG"]
[Date "2020.01.29"]
[Round "9.68"]
[White "Judkovsky, Yair"]
[Black "Womacka, Mathias"]
[Result "0-1"]
[BlackTitle "GM"]
[WhiteElo "2305"]
[BlackElo "2439"]
[WhiteFideId "2804930"]
[BlackFideId "4611390"]
[EventDate "2020.01.21"]

1. e4 c5 2. Nf3 d6 3. d4 cxd4 4. Nxd4 Nf6 5. Nc3 a6 6. Be2 e5 7. Nb3 Be7 8. O-O
O-O 9. Be3 Be6 10. a4 Nc6 11. Qd2 Nb4 12. Rfd1 Rc8 13. Bf3 Rc4 14. a5 Qd7 15.
Nc1 Rfc8 16. Nd3 Nc6 17. b3 Rxc3 18. Qxc3 Nd4 19. Bxd4 Rxc3 20. Bxc3 Qc7 21. Bb4
Qxc2 22. Nxe5 Nxe4 23. Bxe4 Qxe4 24. Bxd6 Bf6 25. Rac1 h5 26. Nc4 h4 27. h3 Bd4
28. Re1 Qg6 29. Kh1 Bxf2 30. Re2 Ba7 31. Ne5 Qh5 32. Ree1 Bxb3 33. Rc8+ Kh7 34.
Nf3 Be6 35. Re8 Bxh3 36. R1e4 Bg4 37. R4e5 f5 38. Nd2 h3 39. g3 Bf3+ 40. Kh2
Bg1+ 41. Kxg1 h2+ 42. Kf2 h1=Q 0-1

[Event "Gibraltar Masters 2020"]
[Site "Caleta ENG"]
[Date "2020.01.29"]
[Round "9.69"]
[White "Rakotomaharo, Fy Antenaina"]
[Black "Antova, Gabriela"]
[Result "0-1"]
[WhiteTitle "IM"]
[BlackTitle "FM"]
[WhiteElo "2433"]
[BlackElo "2295"]
[WhiteFideId "13100050"]
[BlackFideId "2915235"]
[EventDate "2020.01.21"]

1. e4 c5 2. Nf3 d6 3. d4 cxd4 4. Nxd4 Nf6 5. Nc3 a6 6. Be2 e6 7. O-O Be7 8. f4
Qc7 9. Kh1 O-O 10. Bf3 Nc6 11. Nb3 b6 12. a3 Bb7 13. g4 d5 14. exd5 Rad8 15. g5
Nxd5 16. Nxd5 exd5 17. f5 d4 18. f6 Bd6 19. fxg7 Rfe8 20. Bg2 Ne5 21. Nxd4 Bc5
22. c3 Bxg2+ 23. Kxg2 Qb7+ 24. Kg3 Ng6 25. Qd3 Re4 26. Be3 Rde8 27. Rf6 Rg4+ 28.
Kxg4 Ne5+ 29. Kh5 Nxd3 30. Nf5 Qg2 31. Nh6+ Kxg7 32. Rxf7+ Kh8 0-1

[Event "Gibraltar Masters 2020"]
[Site "Caleta ENG"]
[Date "2020.01.29"]
[Round "9.70"]
[White "Povah, Nigel E"]
[Black "Astaneh Lopez, Alex"]
[Result "1/2-1/2"]
[WhiteTitle "IM"]
[BlackTitle "IM"]
[WhiteElo "2284"]
[BlackElo "2432"]
[WhiteFideId "400467"]
[BlackFideId "2501430"]
[EventDate "2020.01.21"]

1. d4 d5 2. Bf4 c5 3. e3 cxd4 4. exd4 Nc6 5. c3 g6 6. Be2 Bh6 7. Qd2 Bxf4 8.
Qxf4 Qb6 9. b3 Bf5 10. Nf3 Rc8 11. O-O Qc7 12. Qe3 Kf8 13. Nh4 e6 14. Nd2 h5 15.
Nxf5 exf5 16. Rfe1 Nf6 17. Qg3 Kg7 18. Qxc7 Rxc7 19. f3 Ne7 20. Rac1 Rhc8 21.
Nb1 f4 22. Bd3 h4 23. Rcd1 Ne8 24. c4 b6 25. c5 Kf8 26. b4 Nc6 27. Ba6 Nxb4 28.
Bxc8 Rxc8 29. cxb6 axb6 30. a3 Nc2 31. Rc1 Rc4 32. Red1 Nd6 33. Nd2 Rc3 34. Nb1
Rc4 35. Nd2 Rc3 36. Nb1 Rc4 37. Nd2 1/2-1/2

[Event "Gibraltar Masters 2020"]
[Site "Caleta ENG"]
[Date "2020.01.29"]
[Round "9.71"]
[White "Vedder, Richard"]
[Black "Kulkarni, Bhakti"]
[Result "1/2-1/2"]
[WhiteTitle "FM"]
[BlackTitle "IM"]
[WhiteElo "2263"]
[BlackElo "2404"]
[WhiteFideId "1004166"]
[BlackFideId "5019516"]
[EventDate "2020.01.21"]

1. d4 Nf6 2. c4 d6 3. Nc3 e5 4. d5 Be7 5. e4 O-O 6. Bd3 c6 7. Nge2 cxd5 8. exd5
Nh5 9. O-O f5 10. f4 Qb6+ 11. Kh1 e4 12. Bc2 Nd7 13. Nd4 Ndf6 14. Na4 Qc7 15.
Bb3 Kh8 16. Nc3 Bd8 17. a4 Qf7 18. a5 Ng3+ 19. hxg3 Ng4 20. Kg1 Qh5 21. Rf2 Qh2+
22. Kf1 Qxg3 23. Qe1 Bh4 24. Nd1 Qd3+ 25. Ne2 Nxf2 26. Ra3 Nxd1 27. Qxh4 Ne3+
28. Bxe3 Qxe3 29. Qe7 Rg8 30. Qxd6 Qd2 31. Ba4 Qxb2 32. Kf2 Qf6 33. Qxf6 gxf6
34. Nd4 Rg4 35. g3 Rg7 36. c5 Rc7 37. Rc3 Bd7 38. d6 Bxa4 39. dxc7 Rc8 40. Nxf5
Rxc7 41. Ke3 Bc6 42. Nd4 Rg7 43. Nf5 Rg8 44. Kf2 Re8 45. Nd6 Rf8 46. Rb3 Bd5 47.
Rb4 a6 48. Nxe4 Rc8 49. Nxf6 Rxc5 50. Nxd5 Rxd5 51. Rxb7 Rxa5 52. Kf3 Ra3+ 53.
Kg4 a5 54. f5 h5+ 55. Kh4 a4 56. Ra7 Kg8 57. f6 Rf3 58. Rxa4 Rxf6 59. Kxh5 Rb6
60. g4 Kg7 1/2-1/2

[Event "Gibraltar Masters 2020"]
[Site "Caleta ENG"]
[Date "2020.01.29"]
[Round "9.72"]
[White "Buksa, Nataliya"]
[Black "Garrido Outon, Alex"]
[Result "1/2-1/2"]
[WhiteTitle "IM"]
[WhiteElo "2403"]
[BlackElo "2287"]
[WhiteFideId "14123622"]
[BlackFideId "24516279"]
[EventDate "2020.01.21"]

1. e4 c5 2. Nf3 d6 3. d4 cxd4 4. Nxd4 Nf6 5. Nc3 a6 6. Bd3 g6 7. Be3 Bg7 8. f3
Nc6 9. Qd2 O-O 10. h4 d5 11. exd5 Nxd5 12. Nxd5 Nxd4 13. c4 e6 14. Nc3 Nf5 15.
Bg5 Qa5 16. O-O-O b5 17. Bxf5 exf5 18. Bh6 Be6 19. Bxg7 Kxg7 20. h5 Qc7 21. Qd4+
f6 22. hxg6 hxg6 23. Qe3 Qxc4 24. Qh6+ Kf7 25. Qh7+ Ke8 26. Rhe1 Rd8 27. Qxg6+
Ke7 28. Qh7+ Rf7 29. Qxf5 Rxd1+ 30. Kxd1 Kd7 31. Qc2 b4 32. Ne4 Kc6 33. Re2 Kb6
34. Qxc4 Bxc4 35. Rd2 Bxa2 36. Rd6+ Kb5 37. Rxf6 Rd7+ 38. Ke1 a5 39. Rf5+ Kb6
40. Rf6+ Kb5 41. Rf5+ Kb6 42. Rf8 Bd5 43. Rf6+ Kb5 44. Rd6 Rxd6 45. Nxd6+ Kc5
46. Nf5 Be6 47. Ne3 a4 48. Kd2 a3 49. bxa3 bxa3 50. Kc3 a2 51. Kb2 Kd4 52. Nd1
Bd5 53. Nc3 Bxf3 54. gxf3 Ke3 1/2-1/2

[Event "Gibraltar Masters 2020"]
[Site "Caleta ENG"]
[Date "2020.01.29"]
[Round "9.73"]
[White "Percivaldi, Martin"]
[Black "Pratyusha, Bodda"]
[Result "0-1"]
[WhiteTitle "IM"]
[BlackTitle "WIM"]
[WhiteElo "2403"]
[BlackElo "2267"]
[WhiteFideId "1508148"]
[BlackFideId "5000629"]
[EventDate "2020.01.21"]

1. Nf3 d5 2. g3 Bg4 3. Bg2 Nd7 4. h3 Bxf3 5. Bxf3 c6 6. O-O e5 7. d3 Ngf6 8. e4
dxe4 9. dxe4 Nc5 10. Qe2 Ne6 11. c3 a5 12. a4 Qc7 13. Nd2 Be7 14. Nc4 O-O 15. h4
Nc5 16. Qc2 b5 17. axb5 cxb5 18. Ne3 a4 19. Bd2 Nb3 20. Rad1 Nxd2 21. Rxd2 a3
22. Qb3 Rfb8 23. Rc2 Bc5 24. Ng2 Qd7 25. Kh2 Qd3 26. Be2 Qxe4 27. bxa3 Rxa3 28.
Qb1 Ra1 29. Qxa1 Qxc2 30. Bd1 Qd3 31. Bb3 Ng4+ 32. Kh3 Qf5 33. Bxf7+ Kxf7 34.
Qa2+ Ke7 0-1

[Event "Gibraltar Masters 2020"]
[Site "Caleta ENG"]
[Date "2020.01.29"]
[Round "9.74"]
[White "Bellahcene, Bilel"]
[Black "Injac, Teodora"]
[Result "1-0"]
[WhiteTitle "GM"]
[BlackTitle "WIM"]
[WhiteElo "2536"]
[BlackElo "2284"]
[WhiteFideId "696358"]
[BlackFideId "932400"]
[EventDate "2020.01.21"]

1. e4 c5 2. Nf3 d6 3. d4 cxd4 4. Nxd4 Nf6 5. Nc3 a6 6. h3 e5 7. Nb3 Be6 8. f4
Nc6 9. f5 Bxb3 10. axb3 d5 11. exd5 Nb4 12. g4 Bc5 13. Bg5 O-O 14. Bg2 Rc8 15.
Ne4 Be7 16. c3 Nxe4 17. Bxe7 Qxe7 18. Bxe4 a5 19. O-O Qc5+ 20. Kh1 Na6 21. Qd2
f6 22. d6 Rcd8 23. Rfd1 Rd7 24. Qd5+ Kh8 25. Rxa5 Qf2 26. Qd2 Qb6 27. b4 Nc7 28.
c4 Na6 29. c5 Qxb4 30. Qxb4 Nxb4 31. Ra7 1-0

[Event "Gibraltar Masters 2020"]
[Site "Caleta ENG"]
[Date "2020.01.29"]
[Round "9.75"]
[White "Kosteniuk, Alexandra"]
[Black "Gomez Anadon, Daniel"]
[Result "1-0"]
[WhiteTitle "GM"]
[BlackTitle "FM"]
[WhiteElo "2504"]
[BlackElo "2276"]
[WhiteFideId "4128125"]
[BlackFideId "2218151"]
[EventDate "2020.01.21"]

1. Nf3 Nf6 2. g3 d5 3. Bg2 e6 4. O-O c5 5. c4 Nc6 6. d4 cxd4 7. cxd5 exd5 8.
Nxd4 Be7 9. Nc3 O-O 10. Nb3 Be6 11. Be3 b6 12. Rc1 Qd7 13. Nd4 Ne5 14. Bf4 Ng6
15. Bg5 h6 16. Nxe6 fxe6 17. Bxf6 Bxf6 18. Nxd5 exd5 19. Bxd5+ Kh7 20. Bg8+ 1-0

[Event "Gibraltar Masters 2020"]
[Site "Caleta ENG"]
[Date "2020.01.29"]
[Round "9.76"]
[White "Pourkashiyan, Atousa"]
[Black "Gines Esteo, Pedro Antonio"]
[Result "0-1"]
[WhiteTitle "WGM"]
[BlackTitle "IM"]
[WhiteElo "2305"]
[BlackElo "2482"]
[WhiteFideId "12502014"]
[BlackFideId "32080190"]
[EventDate "2020.01.21"]

1. e4 c6 2. d4 d5 3. Nd2 dxe4 4. Nxe4 Bf5 5. Ng3 Bg6 6. Nh3 e6 7. Bc4 Bd6 8. O-O
Nd7 9. Nf4 Qh4 10. Qf3 O-O-O 11. c3 Ngf6 12. a4 Nb6 13. Bb3 Nbd5 14. Nh3 h6 15.
a5 a6 16. c4 Nb4 17. Be3 Qg4 18. Qd1 Qxd1 19. Rfxd1 Ng4 20. Rd2 e5 21. Rad1 Nxe3
22. fxe3 exd4 23. exd4 Rhe8 24. Ba4 Bc7 25. Kh1 Re3 26. d5 Bxa5 27. Nf4 Nxd5 28.
Re2 Rxe2 29. Ngxe2 Nxf4 30. Nxf4 Be4 31. Nh5 Bc7 32. Re1 f5 33. h3 Rd2 34. c5
Rxg2 35. Rxe4 Rh2+ 0-1

[Event "Gibraltar Masters 2020"]
[Site "Caleta ENG"]
[Date "2020.01.29"]
[Round "9.77"]
[White "Merario Alarcon, Andres"]
[Black "Vidic, Teja"]
[Result "1-0"]
[WhiteTitle "IM"]
[BlackTitle "WFM"]
[WhiteElo "2412"]
[BlackElo "2252"]
[WhiteFideId "24522767"]
[BlackFideId "14605511"]
[EventDate "2020.01.21"]

1. d4 Nf6 2. c4 e6 3. Nc3 Bb4 4. Qc2 O-O 5. e4 d5 6. e5 Ne4 7. Bd3 c5 8. Nf3
cxd4 9. Nxd4 Nd7 10. Bf4 Qh4 11. g3 Qh5 12. h4 g5 13. g4 Qxg4 14. Be3 Bxc3+ 15.
bxc3 Nec5 16. Bxh7+ Kg7 17. Kd2 Ne4+ 18. Bxe4 Qxe4 19. cxd5 Qxc2+ 20. Kxc2 Nxe5
21. dxe6 fxe6 22. Rag1 g4 23. Nb5 Bd7 24. Nc7 Rac8 25. Bd4 Kh6 26. Bxe5 Rxf2+
27. Kb3 Bc6 28. Rh2 Rf7 29. Rxg4 Rfxc7 30. Bxc7 Rxc7 31. h5 Bd5+ 32. Kb2 b5 33.
Rg6+ Kh7 34. Rf2 Rg7 35. Rff6 a5 36. a3 Bc4 37. Kc1 Bd5 38. Kd2 Bc4 39. Ke3 a4
40. Rxg7+ Kxg7 41. Rg6+ Kh7 42. Kf4 Bd5 43. Ke5 Bf3 44. Rxe6 Bxh5 45. Kd4 Bf7
46. Re7 Kg6 47. Rxf7 1-0

[Event "Gibraltar Masters 2020"]
[Site "Caleta ENG"]
[Date "2020.01.29"]
[Round "9.79"]
[White "Rakshitta, Ravi"]
[Black "Vega Gutierrez, Sabrina"]
[Result "0-1"]
[WhiteTitle "WIM"]
[BlackTitle "IM"]
[WhiteElo "2267"]
[BlackElo "2364"]
[WhiteFideId "25073230"]
[BlackFideId "2219026"]
[EventDate "2020.01.21"]

1. Nf3 d5 2. g3 c6 3. Bg2 Bg4 4. O-O Nd7 5. d3 e6 6. e4 Bd6 7. h3 Bh5 8. Qe1 Ne7
9. Nc3 O-O 10. Nd2 Qc7 11. f4 f6 12. Nf3 Bf7 13. Kh1 Rae8 14. d4 e5 15. dxe5
fxe5 16. Ng5 exf4 17. Bxf4 d4 18. Ne2 c5 19. Bxd6 Qxd6 20. Nxf7 Rxf7 21. Rxf7
Kxf7 22. Qf2+ Kg8 23. Qf4 Ne5 24. Rf1 N7g6 25. Qg5 Nc4 26. Nf4 Ne3 27. Qh5 Re5
28. Qf3 Nxf1 29. Bxf1 Nxf4 30. gxf4 Re8 31. e5 Qe7 32. Bd3 Qh4 33. Kg2 Rf8 34.
f5 Qg5+ 35. Kh1 Qc1+ 36. Kg2 Qd2+ 37. Kg3 Qe1+ 38. Kf4 g5+ 39. Kxg5 Qxe5 0-1

[Event "Gibraltar Masters 2020"]
[Site "Caleta ENG"]
[Date "2020.01.29"]
[Round "9.80"]
[White "Abrahamyan, Tatev"]
[Black "Wall, Tim P"]
[Result "0-1"]
[WhiteTitle "WGM"]
[BlackTitle "FM"]
[WhiteElo "2363"]
[BlackElo "2218"]
[WhiteFideId "13301918"]
[BlackFideId "401641"]
[EventDate "2020.01.21"]

1. e4 e5 2. Nf3 Nc6 3. Bb5 a6 4. Ba4 d6 5. c3 f5 6. exf5 Bxf5 7. O-O Bd3 8. Re1
Be7 9. Qb3 b5 10. Qd5 Qd7 11. Qxd3 bxa4 12. Qc2 Nf6 13. Qxa4 O-O 14. d3 d5 15.
Nbd2 Bc5 16. h3 Kh8 17. b3 Bb6 18. Ba3 Rfe8 19. Rad1 Nh5 20. Nf1 h6 21. Ne3 Nf4
22. Ng4 Ng6 23. c4 d4 24. Re4 h5 25. Ngh2 Nf4 26. Nxe5 Rxe5 27. c5 Rxe4 28. dxe4
Ba7 29. Qxa6 Re8 30. b4 Bb8 31. f3 Re6 32. Bc1 Nxb4 33. Qb7 Qa4 34. Rd2 Re8 35.
Bb2 Nbd3 36. g3 Nxc5 0-1

[Event "Gibraltar Masters 2020"]
[Site "Caleta ENG"]
[Date "2020.01.29"]
[Round "9.81"]
[White "Gschnitzer, Oswald"]
[Black "Cholleti, Sahajasri"]
[Result "1-0"]
[WhiteTitle "IM"]
[BlackTitle "WFM"]
[WhiteElo "2361"]
[BlackElo "2202"]
[WhiteFideId "4600231"]
[BlackFideId "5045118"]
[EventDate "2020.01.21"]

1. d4 Nf6 2. Nf3 e6 3. c4 d5 4. Nc3 Bb4 5. Bg5 h6 6. Bxf6 Qxf6 7. Qa4+ Nc6 8. e3
O-O 9. Rc1 Rd8 10. Be2 dxc4 11. Bxc4 Bd7 12. Qc2 e5 13. dxe5 Qe7 14. O-O Bxc3
15. Qxc3 Bg4 16. Be2 Nxe5 17. Qxc7 Nxf3+ 18. gxf3 Rd7 19. Qc5 Qxc5 20. Rxc5 Bh3
21. Rb1 Rad8 22. Bf1 Rd1 23. Rcc1 Rxc1 24. Rxc1 Bxf1 25. Kxf1 Rd2 26. Rc8+ Kh7
27. Rc7 Rxb2 28. Rxf7 Kg6 29. Rc7 Rxa2 30. Rxb7 a5 31. Ra7 a4 32. e4 a3 33. f4
Ra1+ 34. Ke2 Kf6 35. Ra6+ Kf7 36. f5 Ke7 37. e5 a2 38. Ra7+ Ke8 39. e6 Kf8 40.
Kf3 Ke8 41. Kf4 Rh1 42. Rxa2 Rxh2 43. Ke5 Rh1 44. f6 Re1+ 45. Kf5 g6+ 46. Kxg6
Rxe6 47. Kg7 1-0

[Event "Gibraltar Masters 2020"]
[Site "Caleta ENG"]
[Date "2020.01.29"]
[Round "9.82"]
[White "Dolzhikova, Olga"]
[Black "Barrish, Daniel"]
[Result "1-0"]
[WhiteTitle "WGM"]
[BlackTitle "FM"]
[WhiteElo "2123"]
[BlackElo "2352"]
[WhiteFideId "14105870"]
[BlackFideId "14304600"]
[EventDate "2020.01.21"]

1. e4 c5 2. c3 Nf6 3. e5 Nd5 4. d4 cxd4 5. Nf3 e6 6. cxd4 b6 7. Bc4 Ba6 8. b3
Qc7 9. Nfd2 Nb4 10. Na3 d5 11. exd6 Bxd6 12. O-O Bxh2+ 13. Kh1 Bd6 14. Ne4 Be7
15. Qg4 g6 16. Bf4 Qd8 17. Nb5 Bxb5 18. Bxb5+ N8c6 19. a3 a6 20. axb4 axb5 21.
Rxa8 Qxa8 22. Nd6+ Bxd6 23. Bxd6 f5 24. Qe2 Kf7 25. d5 exd5 26. Qxb5 Ke6 27. Bf4
Ne7 28. Qxb6+ Qc6 29. Re1+ 1-0

[Event "Gibraltar Masters 2020"]
[Site "Caleta ENG"]
[Date "2020.01.29"]
[Round "9.83"]
[White "Zhou, Guijue"]
[Black "Bellon Lopez, Juan Manuel"]
[Result "0-1"]
[WhiteTitle "WIM"]
[BlackTitle "GM"]
[WhiteElo "2193"]
[BlackElo "2348"]
[WhiteFideId "8602905"]
[BlackFideId "2200031"]
[EventDate "2020.01.21"]

1. e4 c5 2. Nf3 e6 3. d4 cxd4 4. Nxd4 a6 5. c4 Nf6 6. Nc3 d6 7. Be2 Nbd7 8. Be3
b6 9. O-O Bb7 10. f3 Be7 11. Qd2 O-O 12. Rfd1 Rc8 13. Rac1 Qc7 14. a3 Qb8 15. b4
Rfe8 16. Kh1 Bd8 17. Bg1 Bc7 18. Na4 d5 19. c5 Bf4 20. Be3 Bxe3 21. Qxe3 bxc5
22. bxc5 Bc6 23. Nxc6 Rxc6 24. Qd4 dxe4 25. fxe4 Qf4 26. g3 Qc7 27. Rc3 h5 28.
h3 Rb8 29. Bf1 h4 30. gxh4 e5 31. Qe3 Qa5 32. Rc4 Qc7 33. Be2 Rd8 34. Kh2 Nf8
35. Nc3 Rd4 36. Nd5 Nxd5 37. exd5 Rxc5 38. Rcxd4 exd4+ 39. Qg3 Qe7 40. Bf3 Rc2+
41. Bg2 Rc3 42. Qf4 d3 43. a4 Nd7 44. Kh1 Qe5 45. Qb4 d2 46. Qe4 Rc1 0-1

[Event "Gibraltar Masters 2020"]
[Site "Caleta ENG"]
[Date "2020.01.29"]
[Round "9.84"]
[White "Borocz, Istvan1"]
[Black "Janzelj, Lara"]
[Result "1-0"]
[WhiteTitle "IM"]
[BlackTitle "WIM"]
[WhiteElo "2337"]
[BlackElo "2195"]
[WhiteFideId "703036"]
[BlackFideId "14608391"]
[EventDate "2020.01.21"]

1. e4 e5 2. Nf3 Nc6 3. Bb5 g6 4. c3 Bg7 5. d4 exd4 6. cxd4 a6 7. Ba4 b5 8. Bb3
Nge7 9. Nc3 d6 10. O-O O-O 11. Nd5 h6 12. h3 Kh7 13. Re1 Na5 14. Nxe7 Qxe7 15.
Bc2 c5 16. d5 Nc4 17. Rb1 Ne5 18. Nh2 Qh4 19. f4 Nc4 20. b3 Nb6 21. Be3 Re8 22.
Qd2 Nd7 23. Nf3 Qf6 24. b4 Qc3 25. bxc5 Nxc5 26. e5 Qxd2 27. Nxd2 Nd7 28. e6
fxe6 29. dxe6 Nc5 30. f5 gxf5 31. Bxf5+ Kg8 32. Bxc5 dxc5 33. Nf3 Bc3 34. Re4
Ra7 35. Rd1 Bf6 36. Nh2 Bd4+ 37. Kh1 h5 38. Nf3 Bf6 39. Rde1 Rg7 40. Rf4 Bc3 41.
Re3 b4 42. Rh4 Bf6 43. Rxh5 Bb7 44. Bd3 Bd4 45. Re2 Bxf3 46. gxf3 Kf8 47. Bxa6
Ke7 48. Rh4 Ra8 49. Bc4 Ra3 50. Rf4 Bf6 51. Bb3 Ra7 52. Rg4 Rh7 53. Kg2 Ra8 54.
Rd2 Bd4 55. Kg3 Rf8 56. Re2 Rfh8 57. h4 Bf6 58. Rh2 Rd8 59. Re2 Rdh8 60. Ree4
Rd8 61. Rc4 Be5+ 62. f4 Rd3+ 63. Kg2 Bd4 64. Rc2 Rh5 65. Bc4 Rd1 66. Be2 Rg1+
67. Kh2 Rxg4 68. Bxg4 Rxh4+ 69. Kg3 Rh1 70. Kg2 Rh4 71. Kf3 Rh1 72. Ke4 Rg1 73.
Kf5 Rh1 74. Bf3 Rf1 75. Bd5 Rf2 76. Rc1 Be3 77. Rh1 Kd6 78. Ke4 Bd4 79. Bb3 Rg2
80. Rh7 Rg7 81. Rh8 Bf6 82. Ra8 Rc7 83. Bc4 Rb7 84. Kf5 Bd4 85. Rd8+ Ke7 86. Rc8
Kd6 87. Ra8 Ke7 88. Kg6 Be3 89. f5 Bd4 90. Ra6 Rc7 91. Rb6 Be5 92. Ra6 Bd4 93.
Ra8 Rb7 94. Bb3 Rc7 95. Ba4 c4 96. Re8+ Kd6 97. Rd8+ Ke5 98. Rxd4 Kxd4 99. f6 b3
100. axb3 cxb3 101. Bxb3 Ke5 102. e7 1-0

[Event "Gibraltar Masters 2020"]
[Site "Caleta ENG"]
[Date "2020.01.29"]
[Round "9.85"]
[White "Utiatskaja, Irina"]
[Black "Houska, Jovanka"]
[Result "1-0"]
[WhiteTitle "WIM"]
[BlackTitle "IM"]
[WhiteElo "2143"]
[BlackElo "2401"]
[WhiteFideId "24140848"]
[BlackFideId "405094"]
[EventDate "2020.01.21"]

1. e4 c6 2. d4 d5 3. exd5 cxd5 4. Bd3 Nc6 5. c3 g6 6. Nf3 Bg7 7. O-O Nf6 8. h3
Bf5 9. Be2 Qc7 10. Be3 O-O 11. Nbd2 h6 12. Re1 Rfd8 13. Rc1 Rac8 14. b4 a6 15.
Bf1 Ne4 16. a4 g5 17. Nb3 Bg6 18. Nfd2 Kh8 19. a5 Nd6 20. Nc5 Nf5 21. Ndb3 Nxe3
22. fxe3 e5 23. Bd3 e4 24. Be2 Qe7 25. Na4 Rf8 26. Nb6 Rcd8 27. Nc5 f5 28. Qb3
Bf7 29. Rf1 Bg8 30. c4 f4 31. cxd5 fxe3 32. Kh1 Nxd4 33. Qxe3 Nf5 34. Rxf5 Rxf5
35. Bg4 Rfxd5 36. Nxd5 Bxd5 37. Rd1 Bf6 38. Bf5 Qe5 39. Bxe4 Re8 40. Qf3 Bxe4
41. Nxe4 Bd8 42. Nd6 1-0

[Event "Gibraltar Masters 2020"]
[Site "Caleta ENG"]
[Date "2020.01.29"]
[Round "9.86"]
[White "Sigeman, Johan"]
[Black "Lujan, Carolina"]
[Result "0-1"]
[BlackTitle "IM"]
[WhiteElo "2119"]
[BlackElo "2330"]
[WhiteFideId "1705601"]
[BlackFideId "109878"]
[EventDate "2020.01.21"]

1. d4 Nf6 2. c4 g6 3. g3 Bg7 4. Bg2 d5 5. cxd5 Nxd5 6. Nf3 c5 7. O-O O-O 8. e4
Nf6 9. e5 Nd5 10. dxc5 Na6 11. c6 bxc6 12. Na3 Nab4 13. Qd4 Ba6 14. Rd1 Qb6 15.
Bf1 Bxf1 16. Kxf1 Qxd4 17. Rxd4 f6 18. Rc4 fxe5 19. Ng5 Nd3 20. Ne4 Nf6 21. Be3
Nxb2 22. Nxf6+ Rxf6 23. Re4 Rd6 24. Ke2 Rad8 25. Nc4 Nxc4 26. Rxc4 e4 27. Rac1
Bd4 28. Rxc6 Bxe3 29. Rxd6 Rxd6 30. Kxe3 Rd3+ 31. Kxe4 Rd2 32. a4 Rxf2 33. Rc7
a6 34. Ra7 Rxh2 35. Rxa6 Rg2 36. Kf3 Ra2 37. Ra8+ Kg7 38. a5 Ra4 39. a6 Kf6 40.
a7 Kg5 41. Rh8 Rxa7 42. Rxh7 Ra3+ 43. Kf2 e5 44. Re7 Kf5 45. Re8 Ke4 46. Rg8
Ra2+ 47. Kg1 Kf5 48. Re8 g5 49. Re7 Ra5 50. Kf2 Kg4 51. Re8 Ra2+ 52. Ke3 Ra3+
53. Ke2 Ra2+ 54. Ke3 Kxg3 55. Rxe5 g4 56. Rg5 Kh3 57. Rg8 g3 58. Kf3 Rf2+ 59.
Ke3 Kg2 60. Rg7 Kh2 61. Rg8 Kg2 62. Rg7 Rf8 63. Rg6 Re8+ 0-1

[Event "Gibraltar Masters 2020"]
[Site "Caleta ENG"]
[Date "2020.01.29"]
[Round "9.87"]
[White "Garcia Martin, Marta"]
[Black "Veltkamp, Gerben"]
[Result "1-0"]
[WhiteTitle "IM"]
[WhiteElo "2317"]
[BlackElo "2140"]
[WhiteFideId "32084030"]
[BlackFideId "4631307"]
[EventDate "2020.01.21"]

1. e4 e5 2. Nf3 Nc6 3. Bc4 Nf6 4. d3 h6 5. O-O d6 6. c3 g5 7. Nbd2 Bg7 8. Bb3
Bg4 9. Nc4 d5 10. exd5 Nxd5 11. h3 Be6 12. Re1 f6 13. d4 Qd7 14. dxe5 O-O-O 15.
Nd6+ Kb8 16. exf6 Bxf6 17. Ne4 Qf7 18. Nxf6 Qxf6 19. Nd4 Bf7 20. Qg4 Rhf8 21.
Bd2 Ndb4 22. Nxc6+ Nxc6 23. Be3 b6 24. Qg3 Bh5 25. Bxb6 axb6 26. Re6 Qf4 27.
Qxf4 Rxf4 28. Rxc6 Rd2 29. Rxh6 Bf7 30. Rh8+ Ka7 31. Rf8 Rfxf2 32. Bd5 1-0